000 00820cam a2200289 4500
001 B888
008 090401t1987 xxu||||| |||| 00| 0 eng d
035 _a(Sirsi) u38546
041 _aeng
050 _a333.0065
110 _aCommonwealth Association of Surveying and Land Economy
_92570
245 4 _aThe management and marketing of professional practices
260 _aLondon
_bCASLE
_c1987
300 _a78p. ; 30cm.
350 _a3
490 _aProject Manual
_v1
650 _aFINANCIAL MANAGEMENT
650 _aLAND SURVEYORS
650 _aOFFICE MANAGEMENT
650 _aPRACTICE MANAGEMENT
650 _aQUANTITY SURVEYORS
650 _aSURVEYORS
690 _aMANAGEMENT-BUSINESS MANAGEMENT-PROFESSIONAL PRACTICE
700 _aHeadlam, Robert.
_xEditor
942 _n0
948 _c04/03/1997
999 _c90658
_d90658